Dlhodobý hmotný majetok s praktickými príkladmi podľa IAS/IFRS

Úprava dlhodobého hmotného majetku podľa IAS/IFRS. Problematika je pokrytá štandardmi IAS 16 - Pozemky, budovy a zariadenia a IAS 40 - Investície do nehnuteľností. Majetok využívaný vlastníkom verzus investície do nehnuteľností. Najnovšie zmeny v IAS 16 a IAS 40. Príklady.

Guardado en:
Detalles Bibliográficos
Autor principal: Krupová, Lenka
Otros Autores: Cvečková, Mária, Demčáková, Iveta
Formato: Capítulo de libro
Lenguaje:eslovaco
Materias:
Etiquetas: Agregar Etiqueta
Sin Etiquetas, Sea el primero en etiquetar este registro!

MARC

LEADER 00000naa$a2200000$$$4500
001 0027773
005 20231106091828.9
041 0 |a slo 
044 |a SK 
245 1 0 |a Dlhodobý hmotný majetok s praktickými príkladmi podľa IAS/IFRS  |c Lenka Krupová, Mária Cvečková, Iveta Demčáková 
520 |a Úprava dlhodobého hmotného majetku podľa IAS/IFRS. Problematika je pokrytá štandardmi IAS 16 - Pozemky, budovy a zariadenia a IAS 40 - Investície do nehnuteľností. Majetok využívaný vlastníkom verzus investície do nehnuteľností. Najnovšie zmeny v IAS 16 a IAS 40. Príklady. 
610 2 0 |a majetok hmotný 
610 2 0 |a majetok dlhodobý 
610 2 0 |a nehnuteľnosti 
610 2 0 |a pozemky 
610 2 0 |a budovy 
610 2 0 |a investície 
610 2 0 |a štandardy účtovné medzinárodné 
610 2 0 |a IAS 16 
610 2 0 |a IAS 40 
100 1 |a Krupová, Lenka 
700 1 |a Cvečková, Mária 
700 1 |a Demčáková, Iveta